Normas para bibliotecas públicas / [versión española de Hipólito Escolar Sobrino y Luis García Ejarque]
Descripción Física:
108 p. ; 18 cm
Otros Autores:
García Ejarque, Luis
Materias:
Biblioteques públiques -- Normes
MARC
| LEADER | 00000nam a2200000Ia 4500 | ||
|---|---|---|---|
| 001 | 10348 | ||
| 003 | BGR | ||
| 005 | 20260324175333.0 | ||
| 008 | 160829s9999 xx 000 0 cat d | ||
| 080 | |a A-2-57 | ||
| 110 | 2 | |a International Federation of Library Associations and Institutions |9 71061 |b Section of Public Libraries | |
| 245 | |a Normas para bibliotecas públicas / [versión española de Hipólito Escolar Sobrino y Luis García Ejarque] | ||
| 260 | |a Madrid : |b Asociación Nacional de Bibliotecarios, Archiveros y Arqueólogos, DL 1974 | ||
| 300 | |a 108 p. ; |c 18 cm | ||
| 490 | |a Biblioteca profesional de Anaba ; 6 : Normas ; 1 | ||
| 590 | |a Abans del títol: Federación Internacional de Asociaciones de Bibliotecarios. Sección de Bibliotecas Públicas. | ||
| 650 | |a Biblioteques públiques |x Normes |9 27701 | ||
| 700 | |a García Ejarque, Luis |9 27702 | ||
| 710 | 2 | |a Asociación Nacional de Bibliotecarios, Archiveros y Arqueólogos (Espanya) |9 55075 | |
| 901 | |a Arxiu | ||
| 942 | |n 1 |2 udc |c MON | ||
| 952 | |0 0 |1 0 |4 0 |6 A257 |7 1 |9 44514 |a Arxiu |b Arxiu |d 2016-12-01 |l 0 |o A-2-57 |p 10348 |r 2016-12-01 00:00:00 |w 2016-12-01 |y ARXIU | ||
| 999 | |c 47095 |d 47095 | ||